000 00760nam a2200181 a 4500
001 000996539
003 AM-YeHGA
005 20250617150405.0
008 131212s1973 ||| r 000 0 rus d
040 _aAM-YeHGA
041 0 _arus
245 0 0 _aСовершенствование документооборота и системы информации на предприятиях пищевой промышленности /
_cНауч. ред. Л.М. Бленерман, Ф.Г. Хамидуллин.
260 _aКазань :
_bИзд-во Казан. ун-та,
_c1973.
300 _a263 с. :
_b[1] л. схем.
653 0 _aПищевая промышленность
700 1 _aБренерман, Л.М.
_eред.
_4edt
090 _c331755
999 _c329998
_d329998